[Event "Bronshoj Efteraarsturnering "]
[Site "Copenhagen"]
[Date "????.??.??"]
[Round "2"]
[White "Aage, Bjarke Gadgaard"]
[Black "Fredericia, Louise Winther"]
[Result "0-1"]
[WhiteElo "2054"]
[BlackElo "2033"]
[PlyCount "88"]
[EventDate "2014.??.??"]
[EventCountry "DEN"]

1. d4 Nf6 2. Nf3 g6 3. g3 Bg7 4. Bg2 O-O 5. O-O d6 6. c4 Nc6 7. Nc3 a6 8. e4
Bg4 9. h3 Bxf3 10. Bxf3 e5 11. d5 Nd4 12. Bg2 Nh5 13. Ne2 Nxe2+ 14. Qxe2 Qe8
15. Bf3 f5 16. exf5 Rxf5 17. Bg4 e4 18. Bxh5 Rxh5 19. Re1 Qf7 20. Bf4 Re8 21.
Kg2 Rf5 22. Rad1 g5 23. Be3 h6 24. Qc2 Rfe5 25. b4 b5 26. cxb5 axb5 27. Qc6 h5
28. Qxb5 h4 29. Qe2 Rxd5 30. Qc4 c6 31. g4 Qf3+ 32. Kg1 Qxh3 33. Rxd5 Qxg4+ 34.
Kf1 Qh3+ 35. Ke2 Qf3+ 36. Kd2 cxd5 37. Qxd5+ Qf7 38. Qxf7+ Kxf7 39. Bxg5 h3 40.
Bf4 Ra8 41. Rxe4 Rxa2+ 42. Ke3 d5 43. Re5 Bxe5 44. Bxe5 Ke6 0-1

[Event "Bronshoj Efteraarsturnering "]
[Site "Copenhagen"]
[Date "????.??.??"]
[Round "4"]
[White "Aage, Bjarke Gadgaard"]
[Black "Christensen, Esben"]
[Result "1/2-1/2"]
[WhiteElo "2054"]
[BlackElo "2076"]
[PlyCount "116"]
[EventDate "2014.??.??"]
[EventCountry "DEN"]

1. d4 Nf6 2. Nf3 g6 3. g3 Bg7 4. Bg2 O-O 5. O-O d6 6. Re1 Nbd7 7. e4 e5 8. c3
Re8 9. Qc2 c6 10. Nbd2 d5 11. exd5 Nxd5 12. dxe5 Nxe5 13. Nxe5 Bxe5 14. Nc4 Bg7
15. Bd2 Bf5 16. Qb3 Qd7 17. Ne3 Nxe3 18. Bxe3 Be6 19. Qc2 Qc7 20. Qa4 h5 21. a3
a5 22. Bd4 Rad8 23. Bxg7 Kxg7 24. b4 Rd2 25. Rad1 Rb2 26. bxa5 Ra8 27. Qd4+ Kg8
28. Qf6 Bb3 29. Re7 Qxa5 30. Rxb7 Qxa3 31. Rd8+ Rxd8 32. Qxd8+ Kh7 33. Rb8 Rb1+
34. Bf1 Rxf1+ 35. Kxf1 Qc1+ 36. Kg2 Bd5+ 37. Kh3 Qf1+ 38. Kh4 Qc4+ 39. f4 Qxc3
40. Kg5 Qg7 41. Qf6 Qh6+ 42. Kh4 Qg7 43. Qxg7+ Kxg7 44. g4 hxg4 45. Kxg4 Kf6
46. f5 Ke5 47. Re8+ Kd4 48. h4 c5 49. Kg5 c4 50. fxg6 fxg6 51. Kxg6 c3 52. Re1
c2 53. h5 Kd3 54. h6 Kd2 55. Ra1 Be4+ 56. Kg7 c1=Q 57. Rxc1 Kxc1 58. h7 Bxh7
1/2-1/2

[Event "Bronshoj Efteraarsturnering "]
[Site "Copenhagen"]
[Date "????.??.??"]
[Round "3"]
[White "Fredericia, Louise Winther"]
[Black "Andersen, Rune Egede"]
[Result "0-1"]
[WhiteElo "2033"]
[BlackElo "2107"]
[PlyCount "86"]
[EventDate "2014.??.??"]
[EventCountry "DEN"]

1. e4 e6 2. d4 d5 3. Nc3 Nf6 4. e5 Nfd7 5. Nf3 Be7 6. Bd3 a6 7. Ne2 c5 8. c3
Nc6 9. a3 c4 10. Bc2 Nf8 11. h4 h6 12. Nf4 Qc7 13. Be3 Bd7 14. Nd2 O-O-O 15.
Kf1 f6 16. exf6 Bxf6 17. b3 Be8 18. bxc4 dxc4 19. Qf3 e5 20. Nd5 Rxd5 21. Qxd5
exd4 22. cxd4 Bf7 23. Bf5+ Kb8 24. Qe4 Ka8 25. Rc1 Na5 26. Rh3 c3 27. Nb1 g6
28. Bg4 Qd6 29. Rxc3 Nc4 30. Bf3 Qd7 31. Nd2 Nxd2+ 32. Bxd2 Ne6 33. Rb3 Rb8 34.
Qd3 Nc7 35. Rb4 Be7 36. Rb6 Qa4 37. Bf4 Bc4 38. Bxc7 Bxd3+ 39. Kg1 Qxd4 40. Rg3
Bd8 41. Bxd8 Qxd8 42. Rgxg6 Ka7 43. Rxh6 Qxb6 0-1

[Event "Bronshoj Efteraarsturnering "]
[Site "Copenhagen"]
[Date "????.??.??"]
[Round "4"]
[White "Fredericia, Louise Winther"]
[Black "Henrichsen, Jens"]
[Result "0-1"]
[WhiteElo "2033"]
[BlackElo "1982"]
[PlyCount "60"]
[EventDate "2014.??.??"]
[EventCountry "DEN"]

1. e4 c5 2. Nc3 Nc6 3. Bc4 e6 4. d3 g6 5. a3 Bg7 6. Be3 d6 7. Nge2 Nge7 8. Ba2
Nd4 9. Ng3 b6 10. Qd2 Bb7 11. Nd1 d5 12. f3 h5 13. h4 Qc7 14. Kf2 O-O-O 15. c3
Ndc6 16. b4 dxe4 17. Nxe4 Ne5 18. d4 Bxe4 19. fxe4 Ng4+ 20. Kf3 Nxe3 21. Nxe3
cxd4 22. cxd4 Rxd4 23. Qe2 Kb8 24. Rhd1 Rhd8 25. Rac1 Qb7 26. Rxd4 Rxd4 27. Nc2
Nf5 28. Qe1 Rd3+ 29. Kf2 Bc3 30. Qe2 Rd2 0-1

[Event "Bronshoj Efteraarsturnering "]
[Site "Copenhagen"]
[Date "????.??.??"]
[Round "1"]
[White "Fredericia, Louise Winther"]
[Black "Brondt, Nicolai Kvist"]
[Result "1-0"]
[WhiteElo "2033"]
[BlackElo "2217"]
[PlyCount "105"]
[EventDate "2014.??.??"]
[EventCountry "DEN"]

1. e4 c6 2. Nc3 d5 3. Nf3 a6 4. d4 Bg4 5. Bd3 e6 6. O-O Nf6 7. Re1 Be7 8. Be3
Bh5 9. h3 Bg6 10. Bg5 Nxe4 11. Bxe7 Nxc3 12. Bxd8 Nxd1 13. Bxg6 hxg6 14. Bc7
Nxb2 15. Rab1 Nc4 16. Rxb7 Nd7 17. Reb1 f6 18. Bf4 g5 19. Bg3 Ke7 20. h4 Na5
21. Rc7 g4 22. Nh2 f5 23. f3 gxf3 24. Be1 f2+ 25. Kxf2 Nc4 26. Rbb7 Rhd8 27.
Bb4+ c5 28. Bxc5+ Ke8 29. Nf3 Na5 30. Ra7 Rxa7 31. Bxa7 Ke7 32. Bc5+ Kf6 33.
Ba3 f4 34. Ne5 Nxe5 35. Be7+ Kf5 36. Bxd8 Ng4+ 37. Kf3 Nh2+ 38. Ke2 Nc4 39.
Rxg7 Ne3 40. Rg5+ Ke4 41. h5 f3+ 42. gxf3+ Nxf3 43. c3 e5 44. Rg8 exd4 45. Re8+
Kf4 46. Bc7+ Kg4 47. cxd4 Nf5 48. Rg8+ Ng5 49. Bd8 Nxd4+ 50. Kd3 Nde6 51. Bxg5
Nxg5 52. h6 Kh5 53. Rxg5+ 1-0